Normal view
MARC view
Entry Topical Term
001 - CONTROL NUMBER
- control field: 18075
003 - CONTROL NUMBER IDENTIFIER
- control field: dpl
005 - DATE AND TIME OF LATEST TRANSACTION
- control field: 20100903122203.0
008 - FIXED-LENGTH DATA ELEMENTS
- fixed length control field: 100903|||a|||||| | ||| d
040 ## - CATALOGING SOURCE
- Original cataloging agency: dpl
- Transcribing agency: dpl
150 ## - HEADING--TOPICAL TERM
- Topical term or geographic name as entry element: हिन्दी कथा साहित्य
- General subdivision: इतिहास एवं समालोचना
670 ## - SOURCE DATA FOUND
- Source citation: Work cat.: (dpl)36274: मिश्र, रामदरश 18074, हिन्दी उपन्यासः, 2010
670 ## - SOURCE DATA FOUND
- Source citation: Work cat.: (dpl)36274: मिश्र, रामदरश 18074, हिन्दी उपन्यासः, 2010
